| 000 | 00668nam a22002057a 4500 | ||
|---|---|---|---|
| 999 |
_c8963 _d8963 |
||
| 003 | AR-CdUCM | ||
| 008 | 190327b ||||| |||| 00| 0 spa d | ||
| 040 |
_aMUNICIPALIDAD PROVINCIAL DEL CUSCO _cBIBLIOTECA MUNICIPAL DEL CUSCO |
||
| 082 |
_a869.56 / _bO87 |
||
| 100 |
_aOtiniano Mauricci, Elio _924863 |
||
| 245 | _aRaices Fulgurantes / | ||
| 260 |
_aPerú : _bArca de Noé , _c1966. |
||
| 300 |
_a1968 ; _c19.8 cm. |
||
| 500 | _aContiene dedicatoria a Luis Nieto del mismo autor del libro de puño y letra. | ||
| 650 |
_aPoesia Chiclayana _924864 |
||
| 650 |
_aPoesia Peruana _9280 |
||
| 650 |
_aPoesia Latinoamericana _92147 |
||
| 942 |
_2ddc _cLIBROS |
||
| 945 | _artm | ||